[Event "Turnier 40 / 120"]
[Site "Wien"]
[Date "2023.??.??"]
[Round "34"]
[White "ChessGenius Exclusive 300 MHz"]
[Black "Tasc R40 V2.50 Phoenix"]
[Result "1-0"]
[WhiteElo "2405"]
[BlackElo "2401"]
[Annotator "Christian"]
[PlyCount "129"]
[EventDate "2023.??.??"]

{[%evp 0,129,19,-61,-54,-54,-5,-15,-17,-61,-43,-75,-46,-43,-43,-43,-40,-62,-40,-36,-35,-25,-34,-34,-36,-37,-17,-15,8,-4,61,37,39,56,52,52,63,71,67,69,81,80,79,68,89,59,94,95,99,108,101,110,109,83,94,91,110,92,105,100,127,136,138,136,144,144,144,144,144,144,144,149,152,117,125,112,127,137,139,152,152,152,130,73,132,125,125,132,125,124,129,118,146,106,87,100,100,94,95,95,92,103,103,95,95,116,99,115,147,147,132,192,226,251,324,481,485,485,485,505,505,505,517,517,517,527,557,557,567,567,796,1002]} 1. b4 d5 {Runde 34: Reti, Santasiere's Folly / In dieser Partie stellt der Tasc R40 V 2.5 wieder mal einen Bauern im Mittelspiel unnötig ein, der MCGE nimmt das Geschenk dankend an in weiterer Folge kommt es neuerlich zu einem für den Tasc R40 V 2.5 gefürchteten Turmendspiel in diesem Fall nicht mal unter gleichen Voraussetzungen mit einem Minusbauern und was soll man sagen, es endet eben wie immer in diesem Fall. Tasc R40 bekam in weiterer Folge noch eine Remischance, die er aber leider nicht nutzen konnte. Damit dürfte dann wohl in dieser Staffel und auch im Gesamtmatch eine Vorentscheidung gefallen sein. Stand: 21,0 : 13,0 für MCGE 300 MHZ (61,76 %)} 2. Nf3 Bg4 3. Ne5 {Buchende} Bf5 {Buchende} 4. e3 {Buchbewertung MCGE: -0,25} e6 {Buchbewertung Tasc R40 V 2.5: +0,33 / lt. Komodo steht Schwarz um eine Nuance besser mit ca. +0,20} 5. b5 Bd6 6. Bb2 Nf6 7. Bd3 a6 8. Bxf5 exf5 9. a4 Bxe5 10. Bxe5 Nbd7 11. Bb2 O-O 12. Qf3 axb5 13. axb5 Rxa1 14. Bxa1 Qa8 $2 {ein schwacher Zug, der einen Bauern einstellt, ist der Bauer f5 gar nichts wert ?, Komodo -1,00, warum nicht einfach g6 ?} 15. Bxf6 Nxf6 16. Qxf5 Qa5 17. Qd3 c5 18. bxc6 bxc6 19. O-O Ne4 20. f3 Nd6 21. Nc3 Rb8 22. Qd4 f6 $2 {ein schwacher Zug, besser ist Sc4, Komodo -1,40} ({Leptir Analyzer-avx2:} 22... h6 23. Rc1 Rd8 24. Rb1 Nc4 25. Kf2 Qc7 26. h3 Na3 27. Rb3 Qd6 28. Qd3 Nc4 29. Ne2 Qe7 30. Qc3 Qh4+ 31. Kf1 Ra8 32. Rb7 c5 33. Rb1 Qd8 34. Nf4 Ra3 35. Rb3 Ra4 36. Kf2 d4 37. exd4 cxd4 38. Qd3 Nd6 39. Rb1 g6 40. Qb3 Rc4 41. Kg1 {[%eval 98,34]}) 23. Qg4 $1 f5 {auch nicht ideal, besser ist noch Dc5, damit ist die Partie praktisch schon verloren, Komodo -1,70} 24. Qf4 Rd8 25. Rb1 Qc7 26. Kf2 d4 27. Ne2 dxe3+ 28. dxe3 c5 29. Rb3 $1 {ein schlauer Zug, der den Vorstoss c4 provoziert und das starke Feld d4 in der Folge für den Springer freigibt} c4 {Schwarz sollte lieber De7 ziehen, Komodo -2,00} 30. Rb1 Qc5 31. Qh4 Qc7 32. Ra1 Nb5 33. Ra4 Rc8 34. Qf4 Qxf4 35. Nxf4 Kf7 36. g4 $2 {ein schwacher Zug, Weiss überbewertet hier offensichtlich den Freibauern, den er in der Folge erhält, es ist aber ein schwacher Isolani, Komodo +1,50, deutlich besser ist Ta5 oder Se2 mit ca. +2,00} fxg4 $1 {natürlich !, MCGE rechnete mit dem weit schwächeren Zug 36. g6 ?} 37. fxg4 g5 38. Ne2 Rc6 39. Nd4 Nxd4 40. exd4 {damit sind wir wieder einmal in einem für den Tasc gefürchteten Turmendspiel in diesem Fall noch dazu unter nicht gleichen Voraussetzungen mit einem Minusbauern, da kann man eigentlich schon drauf wetten wie es ausgeht, wie immer halt} Rf6+ 41. Ke3 Re6+ 42. Kf3 Rf6+ 43. Kg3 c3 44. Rc4 {klar schwächer als Ta5, Komodo +1,50} Rf4 45. h4 h6 46. Rc7+ Ke8 47. Rxc3 Rxd4 {die Stellung ist verloren für Schwarz, Komodo -2,00 / Stockfish 15: -8,00 !!} 48. Rc6 $2 {ein Horrorzug, der auf einen Schlag einfach alles verschenkt, danach ist es bereits Remis mit der h5, gewonnen hätte hxg5, nebst Tc5} gxh4+ $2 {doch Tasc R40 lässt die Remischance liegen, nach dem Textzug ist Partie verloren, Komodo -4,00} 49. Kxh4 Rd2 50. Rxh6 $1 {richtig, MCGE: +1,51 / Komodo +6,00} Rxc2 {Tasc R40 V 2.5 glaubt hier noch an ein Remis, Bewertung: -0,44} 51. Rf6 $1 {natürlich !, der schwarze König wird abgesperrt, MCGE: +1,90} Rh2+ {Tasc R40: -0,94} 52. Kg5 {MCGE: +2,06} Rg2 {Tasc R40 V2.5: -1,27} 53. Rf1 Ke7 54. Kh5 Rh2+ 55. Kg6 Rh8 {Tasc R40: -1,91} 56. Kg7 {MCGE: +2,79} Rb8 57. g5 Rb3 58. g6 Re3 59. Kg8 Rg3 60. g7 Rh3 61. Re1+ Kd7 62. Re4 Rh2 63. Kf7 Rf2+ 64. Kg6 Rg2+ 65. Kf6 {Rest geschenkt} 1-0

[Event "Turnier 40 / 120"]
[Site "Wien"]
[Date "2023.??.??"]
[Round "35"]
[White "Tasc R40 V2.50 Phoenix"]
[Black "ChessGenius Exclusive 300 MHz"]
[Result "1/2-1/2"]
[WhiteElo "2401"]
[BlackElo "2405"]
[Annotator "Christian"]
[PlyCount "110"]
[EventDate "2023.??.??"]

{[%evp 0,110,14,16,32,32,44,46,37,33,36,33,18,40,37,41,27,31,31,27,28,47,48,34,53,29,35,28,9,22,23,23,52,17,16,9,0,-18,-11,4,8,5,0,11,12,12,23,16,24,29,33,17,15,2,0,0,13,0,0,3,-9,0,-28,-29,-32,-20,-10,1,-20,-25,-16,-18,-16,-47,-23,-14,-9,-21,0,0,0,-19,0,-19,29,22,0,0,0,5,25,29,21,-10,-11,-21,-8,-10,-11,-11,0,0,0,-7,0,-8,-16,-20,-14,-14,0,0,0]} 1. d4 Nf6 2. Nf3 g6 3. c4 Bg7 4. Nc3 O-O 5. e4 d6 6. Be2 Nbd7 7. O-O e5 8. Qc2 {Buchende} Qe7 {Buchende} 9. Bg5 {Buchbewertung Tasc R40 V 2.5: +0,71} exd4 {Buchbewertung MCGE: -0,21 / lt. Komodo steht Weiss etwas besser mit ca. +0,60} 10. Nd5 (10. Nxd4 $142) 10... Qd8 11. Nxd4 c6 12. Nxf6+ Bxf6 13. Bxf6 Qxf6 14. Rad1 Re8 15. f3 Rd8 16. f4 a5 17. a3 Re8 18. b4 axb4 19. axb4 Qe7 20. Bf3 Nf6 21. Rfe1 Bg4 22. Bxg4 Nxg4 23. Nf3 Nf6 24. e5 dxe5 25. fxe5 Nh5 26. Rd6 Ng7 27. Qd2 Nf5 28. Rd7 Qe6 29. g4 {die Stellung ist im Lot, Komodo 0,00} Ng7 30. Re4 Ra1+ 31. Kg2 Ra2 32. Qxa2 Qxd7 33. Rd4 Qc8 34. Kg3 h5 35. h3 c5 36. bxc5 hxg4 37. hxg4 Qxc5 38. Rd5 Qe3 39. Qd2 Qb3 40. Qh6 b6 41. Rb5 Qd3 42. Rb2 Rxe5 43. Rh2 Rh5 44. Qd2 Qxd2 45. Rxd2 Ra5 46. Rd6 Ne6 47. Rxb6 Ra3 48. Kf2 Kg7 49. Rb5 Rc3 50. Nd2 Nd4 51. Re5 f6 52. Re7+ Kf8 53. Rc7 f5 54. Rd7 Ne6 55. gxf5 gxf5 1/2-1/2

[Event "Turnier 40 / 120"]
[Site "Wien"]
[Date "2023.??.??"]
[Round "36"]
[White "ChessGenius Exclusive 300 MHz"]
[Black "Tasc R40 V2.50 Phoenix"]
[Result "1/2-1/2"]
[WhiteElo "2405"]
[BlackElo "2401"]
[Annotator "Christian"]
[PlyCount "111"]
[EventDate "2023.??.??"]

{[%evp 0,111,28,23,28,28,27,-11,24,8,20,24,16,9,16,-3,-23,-28,-51,-36,-8,-37,-7,2,14,15,8,2,4,-25,-29,2,38,-15,-21,-76,-90,-73,-47,-72,-77,-74,-91,-68,-67,-78,-78,-71,-84,-78,-84,-65,-64,-71,-72,-171,-183,-186,-186,-174,-174,-181,-181,-183,-203,-207,-195,-207,-171,-170,-176,-162,-177,-205,-225,-211,-146,-186,-138,-151,-141,-165,-142,-124,-93,-88,-99,-89,-59,-43,-50,-40,-44,-8,-14,-2,0,0,0,0,0,0,0,0,4,2,4,2,2,10,12,11,13,14]} 1. Nf3 Nf6 {Runde 36: Damengambit Slawisch / Eine Partie mit gleich 2 völlig absurden Zügen hintereinander, die sich um den Bauern C6 drehen, der offensichtlich lt. Einschätzung der beiden Geräte aus unverständlichen Gründen nichts wert ist, also das sind 2 Züge, die einen einfach zum Staunen bringen, habe selten etwas derart Unverständliches gesehen. 14. Lb4 ? ignoriert den Verlust des Bauern C6 und ist ein Geschenk, ebenso ist aber die Antwort von MCGE eigentlich unfassbar, warum er hier auf das ganz einfache 15. Sxc6 !! verzichtet (das hätte sofort einen Bauern gewonnen und gleichzeitig 2 gegnerische Figuren angegriffen, also dass man auf so etwas verzichten kann, da habe ich wirklich mehrmals hinschauen müssen um den Folgezug 15. Dd3 ??? zu glauben. MCGE bekommt in weiterer Folge eine Qualität, allerdings zum Preis eines weit vorgerückten Freibauern seines Gegner, der ihm in weiterer Folge eine Figur kostet, es kommt dann zu einem kuriosen Endspiel, wie man es nicht alle Tage sieht wo der Tasc R40 2 Springer gegen einen Turm hat und in einer klaren Gewinnposition ist, jedoch dieses Endspiel überfordert beide Geräte wahrlich hoffnungslos und es schwankt dann mehrmals hin und her zwischen Sieg für den Tasc R40 V 2.5 und einem Remis, wechselseitig werden hier Geschenke verteilt, letztlich schafft es der Tasc R40 V 2.5 jedoch nicht, das zum Sieg zu führen und muss sich am Ende mit einem mageren Remis begnügen, überaus glücklicher halber Punkt hier für MCGE. Stand: 22,0 : 14,0 für MCGE 300 MHZ (61,11 %)} 2. d4 d5 3. c4 c6 4. Nc3 dxc4 5. e3 b5 6. a4 b4 7. Nb1 Ba6 {Buchende} 8. Be2 e6 {Buchbewertung Tasc R40 V 2.5: +0,05} 9. O-O Be7 10. Nbd2 c3 11. bxc3 bxc3 12. Nb1 {Buchende} Qa5 13. Bxa6 {Buchbewertung MCGE: +0,17 / lt. Komodo ist die Stellung etwa gleich} Nxa6 14. Ne5 Bb4 $4 {ein ganz schlechter Zug, danach ist Weiss bereits klar im Vorteil, Komodo +1,50 mit der Fortsetzung Sxc6, völlig unverständlich, warum nicht Tc8 ?} 15. Qd3 $4 {also manchmal kann man sich nur wundern, dass die einfach selbstverständlichsten Züge nicht gemacht werden, völlig unverständlich, warum um Gottes willen nicht einfach Sxc6, gewinnt sofort einen Bauern und greift gleichzeitig 2 Figuren an ?, verschenkt praktisch den gesamten Vorteil} ({Leptir Analyzer-avx2:} 15. Nxc6 Qb6 16. Nxb4 Nxb4 17. a5 Qc6 18. Nxc3 O-O 19. Bd2 Nbd5 20. Nxd5 Qxd5 21. Qa4 Ne4 22. Bb4 Rfc8 23. Rfc1 h6 24. Be1 Rab8 25. h3 Nf6 26. Rc2 Rxc2 27. Qxc2 Qd7 28. Rc1 Nd5 29. Bd2 f5 30. e4 fxe4 31. Qxe4 {[%eval 112,29]}) 15... Rc8 16. Nc4 $2 {ein ganz schlechter Zug, danach ist Schwarz bereits im Vorteil, Komodo -0,70, nötig war Sxc3 mit leichtem Vorteil für Weiss, büsst etwa eine ganze Bauerneinheit ein} Qf5 17. Qxf5 exf5 18. Ba3 {hier ist allerdings eine harte Nuss zu knacken, um den Vorteil auch zu behaupten, das würde auch kaum ein Mensch sehen denke ich, denn hier ist c5 !! in der Tat die beste Fortsetzung, ignoriert glatt Sd6+ mit Qualitätsgewinn für Weiss, aber gut das wird wahrscheinlich kein einziger Oldie auf dieser Welt spielen} c2 {erwartungsgemäss wird 18. c5 !! nicht gefunden, jedoch ist auch der Textzug nicht schlecht und erhält noch etwas Vorteil für Schwarz, Komodo +0,50, daher hier kein Fragezeichen} 19. Bxb4 Nxb4 20. Nd6+ $2 {klar schwächer als Sa3, danach ist Schwarz wieder deutlich im Vorteil, Komodo -1,00, dieser Zug ist dennoch für einen Oldie nicht unverständlich, immerhin bekommt ja Weiss die Qualität, um die Folgen zu sehen, reicht einfach die Rechentiefe nicht aus, auch Tasc R40 hätte Sd6 gespielt} Ke7 21. Nxc8+ Rxc8 22. Na3 c5 23. Rac1 $2 {ein schlechter Zug, danach ist die Partie praktisch schon verloren, Komodo -1,40, besser ist noch dxc5 mit ca. -1,00} cxd4 24. exd4 Kd7 25. f4 Nfd5 26. Rf3 a5 27. Rf2 $2 {einfach ganz schwach, das ist bereits ein klarer Verlustzug, deutlich mehr Widerstand leistet noch g3, aber auch danach wäre Weiss schon ganz schlecht gestanden mit ca. -1,80, nach dem Textzug ist jedoch alles vorbei, Komodo -2,80} Ne3 28. Re2 Rc3 29. Nxc2 Nexc2 30. Rd2 Kd6 31. g3 f6 32. d5 Rc4 33. Re2 Ne3 34. Rxc4 Nxc4 35. Re8 Nxd5 36. Rh8 h6 37. Rh7 g5 $2 38. Rxh6 gxf4 $4 {ein grottenschlechter Zug, deutlich besser ist g4 mit spielentscheidendem Vorteil von ca. +2,50, Komodo "nur" noch +1,00 für Schwarz} 39. gxf4 Ncb6 $4 {der nächste grobe Fehler, der bereits den Sieg verschenkt, danach ist die Partie bereits Remis mit der Fortsetzung Th7, nötig war Ke6} 40. h4 {MCGE verwirft im letzten Moment 40. Th7, was wie gesagt, bereits das Remis gesichert hätte, aber auch nach dem Textzug hat Weiss durchaus noch Remischancen, Komodo nur +0,50 für Schwarz} Nxa4 {Tasc R40 V 2.5: +2,71, unterliegt hier einer Fehleinschätzung nach dem Textzug ist die Partie bereits Remis, Komodo 0,00 mit der Fortsetzung Th7, leichten Vorteil hätte noch Ke7 versprochen, aber gut die dafür nötige Rechentiefe um das zu erkennen ist für einen Oldie schlicht und ergreifend unerreichbar, Schwarz verfügt ja über einen Mehrbauern, 2 Springer für einen Turm und einen Freibauern, hier schon ein Remis zu sehen, ist einfach unmöglich für einen Oldie} 41. h5 $4 {MCGE: -1,70 verpasst die Remischance, danach ist die Partie klar verloren, Komodo -2,00, nötig war Th7 und es ist Remis} Nc5 $2 {doch es geht weiter in dieser Weise, dieses Endspiel überfordert einfach beide Geräte hoffnungslos, verschenkt neuerlich den Sieg, es ist wieder Remis, gewonnen hätte Ke7} 42. Rh7 Nxf4 43. h6 Nh3+ 44. Kg2 Ng5 45. Rg7 Nce4 46. h7 Nxh7 47. Rxh7 a4 48. Ra7 Nc5 49. Kf3 Kd5 50. Kf4 Ke6 51. Ra5 Nd3+ 52. Ke3 Nb2 53. Kd4 f4 54. Ke4 Kd6 55. Rf5 Ke6 56. Rxf4 {Userentscheid: Remis} 1/2-1/2

[Event "Turnier 40 / 120"]
[Site "Wien"]
[Date "2023.??.??"]
[Round "37"]
[White "Tasc R40 V2.50 Phoenix"]
[Black "ChessGenius Exclusive 300 MHz"]
[Result "1/2-1/2"]
[WhiteElo "2401"]
[BlackElo "2405"]
[Annotator "Christian"]
[PlyCount "144"]
[EventDate "2023.??.??"]

{[%evp 0,36,21,24,24,24,50,39,33,43,34,34,66,43,66,73,69,71,89,86,93,92,92,92,92,82,94,78,109,80,88,79,74,63,38,33,33,45,24]} 1. d4 Nf6 {Runde 37: Königsindisch / Im Mittelspiel leichte Vorteil für Tasc R40 V 2.5, durch kleinere Ungenauigkeiten verspielt er diese jedoch und es geht in ein ausgeglichenes Endspiel, dort unterläuft dann allerdings MCGE mit 47. f6 ?? ein spielentscheidender Fehler, der ihn auf die Verliererstrasse bringt, danach ist die Partie klar verloren, hier hätte 47. Ta2 !! das Remis gesichert. In weiterer Folge leistet sich MCGE noch mehrere Ungenauigkeiten, bis sein Gegner in eine klare Gewinnstellung kommt, die Komodo bereits mit +4,00 bewertet, aber Endspiele sind schwierig für unsere Oldies und auch hier fehlt es dem Tasc R40 an taktischer Schlagkraft, um das auch zum Sieg zu führen, mit mehreren Ungenauigkeiten verspielt er schliesslich den gesamten Vorteil auf Raten wieder und muss sich wie auch in der Vorrunde mit einem mageren Remis begnügen, Ein neuerlich überaus glücklicher halber Punkt für MCGE. Stand: 22,5 : 14,5 für MCGE 300 MHZ (60,81 %)} 2. Nf3 g6 3. c4 Bg7 4. Nc3 O-O 5. e4 c5 6. d5 {Buchende} e5 {Buchende} 7. Bd3 {Buchbewertung Tasc R40 V 2.5: +0,46} d6 {Buchbewertung MCGE: -0,39 / lt. Komodo steht Weiss besser mit ca. +0,70} 8. Be3 Ng4 9. Bd2 Bh6 10. h3 Bxd2+ 11. Qxd2 Nf6 12. O-O Kg7 13. a3 a5 14. Rfe1 Nh5 15. Bc2 Nf4 16. Rac1 Nd7 17. Ne2 Nxe2+ 18. Rxe2 Nf6 19. b4 axb4 20. axb4 b6 21. Ree1 Ra2 22. Qc3 Qc7 23. bxc5 Qxc5 24. Ra1 Rxa1 25. Rxa1 b5 26. Nd2 Bd7 27. Bd3 b4 28. Qb2 Qb6 29. Nb3 Rc8 30. Ra5 Be8 31. Qa2 h6 32. Ra6 Qb8 $2 {deutlich besser ist Dd8, Komodo -1,00} 33. Qd2 {besser ist Da5, Komodo +0,60} Nd7 34. Ra4 Rc7 35. Rxb4 Qa7 36. Qc3 Qa3 37. Qe1 Kh7 38. Qd2 Kg7 39. h4 Ra7 40. h5 g5 41. Bc2 Nf6 42. c5 dxc5 43. Nxc5 Nxh5 44. Nd3 Qa1+ 45. Rb1 Qd4 46. Qe3 {besser ist Db4, die Stellung ist im Lot} Qxe3 47. fxe3 f6 $2 {ein Verlustzug, danach ist die Partie bereits klar verloren, Komodo -1,80 mit der Fortsetzung Sc5, nötig war Ta2 mit Ausgleich} ({Leptir Analyzer-avx2:} 47... Ra2 48. Bb3 Re2 49. Bd1 Rxe3 50. Bxh5 Rxd3 51. Rb8 Bd7 52. Rb7 Be8 53. Kf2 Rd2+ 54. Kf3 Rd3+ 55. Ke2 Rd4 56. Ke3 Ra4 57. Re7 Ra3+ 58. Kd2 Kf8 59. Rb7 Kg7 {[%eval 0,36]}) 48. Nc5 $1 Ra2 $4 {einfach zu spät, warum nicht gleich, jetzt keine gute Wahl mehr, verschlechtert weiter die Situation von Schwarz, danach ist nichts mehr zu retten, deutlich mehr Widerstand leistet noch Kg6, Komodo -2,70} 49. Bd3 Ra5 $2 {MCGE hat völlig die Orientierung verloren und trifft eine Fehlentscheidung nach der anderen, immer noch war Kg6 die weit bessere Wahl, Komodo -4,00} 50. Ne6+ Kg6 51. Rb7 $4 {ein ganz schlechter Zug, der den Vorteil von Weiss fast halbiert, Komodo +2,20 sofort gewonnen hätte Tb8 mit +4,00, dennoch steht Weiss klar auf Gewinn} Ra1+ 52. Kf2 Ra2+ $2 {weit schwächer als g4, Komodo -3,00} 53. Kf3 g4+ 54. Kxg4 Rxg2+ 55. Kf3 Rd2 56. Be2 Bf7 {mehr Widerstand leistet noch f5, aber auch das rettet Schwarz nicht mehr, Komodo -4,20, f5 hätte Komodo mit ca. -2,80 gesehen} 57. Bc4 $2 {ein schwacher Zug, der den Gewinn deutlich erschwert, Komodo "nur" noch +2,00 mit der Fortsetzung Lxe6} Be8 $2 {deutlich mehr Widerstand leistet Lxe6, Komodo -3,00} 58. Nf8+ $2 {das bringt Weiss absolut nicht voran, im Gegenteil, Komodo "nur" noch +2,00, weit stärker ist d6} Kg5 59. Rb1 Ng7 60. Rg1+ Kh4 61. Ng6+ $4 {ein grottenschlechter Zug, der praktisch den Sieg schon verschenkt, danach ist Schwarz nur noch minimal im Vorteil, Komodo +0,40, gewonnen hätte Tg4+ mit ca. +2,30} Bxg6 62. Rxg6 Ne8 63. Rxh6+ Kg5 64. Rh8 Nd6 65. Rg8+ Kh6 66. Bf1 Nf7 67. Rg2 Ng5+ 68. Kg4 Rxg2+ {mit dem Turmtausch ist das Remis praktisch besiegelt, es ist keine Möglichkeit mehr zu sehen, wie der weisse D-Bauer die Felder d6 bzw. d8 passieren soll, da der Läufer auf den schwarzen Feldern nicht helfen kann.} 69. Bxg2 Kg6 70. Kg3 Kf7 71. Kf2 Ke7 72. Ke2 Kd6 {und nichts kann den schwarzen König mehr vertreiben von dort, Userentscheid: Remis} 1/2-1/2